LEADER 01181cam0-22003371i-450- 001 990006243000403321 005 20080218094419.0 035 $a000624300 035 $aFED01000624300 035 $a(Aleph)000624300FED01 035 $a000624300 100 $a20000112d1956----km-y0itay50------ba 101 0 $aita 102 $aIT 105 $ay-------001yy 200 1 $aSoggettario per i cataloghi delle Biblioteche italiane$fa cura della Biblioteca Nazionale di Firenze 210 $aFirenze$cStamperia Il Cenacolo$d1956 215 $aXXIX, 684 p.$d24 cm 300 $aIn testa al front.: Centro nazionale per il catalogo unico delle biblioteche italiane e per le informazioni bibliografiche 676 $a025.49 712 02$aBiblioteca nazionale centrale di Firenze 712 02$aIstituto centrale per il catalogo unico delle biblioteche italiane e per le informazioni bibliografiche 801 0$aIT$bUNINA$gRICA$2UNIMARC 901 $aBK 912 $a990006243000403321 952 $aXIX A 8$fFGBC 952 $a025.49 BNC 1$b2665$fBFS 959 $aFGBC 959 $aBFS 996 $aSoggettario per i cataloghi delle biblioteche italiane$9110068 997 $aUNINA